Statistics for 1970 FIFA World Cup Results

Click here to take the quiz!

General Stats

  • This quiz has been taken 93 times
    (91 since last reset)
  • The average score is 12 of 16

Answer Stats

Nation % Correct
Brazil
100%
Italy
98%
England
94%
Mexico
94%
West Germany
91%
Uruguay
89%
Soviet Union
87%
Czechoslovakia
75%
Belgium
74%
Sweden
72%
Peru
64%
Romania
64%
Bulgaria
58%
Israel
42%
Morocco
34%
El Salvador
32%

Score Distribution

Percentile by Number Answered

Percent of People with Each Score

Your Score History

You have not taken this quiz since the last reset